Human geography: Culture, society and space

محفوظ في:
التفاصيل البيبلوغرافية
المؤلف الرئيسي: H. J. de Blij
التنسيق: كتاب
اللغة:Undetermined
منشور في: New York John Wiley and Sons 1999
الموضوعات:
الوسوم: إضافة وسم
لا توجد وسوم, كن أول من يضع وسما على هذه التسجيلة!
Thư viện lưu trữ: Trung tâm Học liệu Trường Đại học Cần Thơ
LEADER 00529nam a2200193Ia 4500
001 CTU_57375
008 210402s9999 xx 000 0 und d
020 |b 186000 
082 |a 304.2 
082 |b B648 
100 |a H. J. de Blij 
245 0 |a Human geography: Culture, society and space 
245 0 |c H. J. de Blij and Alexander B. Murphy 
260 |a New York 
260 |b John Wiley and Sons 
260 |c 1999 
650 |a human geography 
904 |i Minh 
980 |a Trung tâm Học liệu Trường Đại học Cần Thơ